00241nam a2200097 a 4500008004100000050001500041100001700056245003400073260002700107350000900134120416s1961 ||||||||||||||||| || u aGA 151 Hil aHilton, T. E10aPractical geography in Africa aLondonbLongmansc1961 a0.00